000 00432nam a22001337a 4500
005 20260313154320.0
008 260313b |||||||| |||| 00| 0 eng d
020 _a9781138741447
050 _aHT395
_b.G5036 OFO
100 _aOfori Sam C.
245 _aRegional policy and regional planning in Ghana:
_bMaking things happen in the Territorial Community/
_cSam C. Ofori
260 _aLondon
_bTaylor & Francis
_c2002
942 _2lcc
_cBK
_n0
999 _c9033
_d9033